| 000 | 00697nam a2200217 a 4500 | ||
|---|---|---|---|
| 999 |
_c9604 _d9604 |
||
| 001 | 9604 | ||
| 003 | BD-JhCC | ||
| 005 | 20180320171928.0 | ||
| 008 | 180320s1965 bg |||| ||a| 000 0 b d | ||
| 035 | _a(BD-JhCC)9604 | ||
| 040 |
_aBD-JhCC _dBD-JhCC |
||
| 041 | _aben | ||
| 082 |
_a923.9 _bSAM 1965 |
||
| 100 | _aশামসুদ্দীন, আবুল কালাম | ||
| 245 |
_aদিগ্বিজয়ী তাইমুর / _cআবুল কালাম শামসুদ্দীন |
||
| 260 |
_aঢাকা: _bরায়হান পাবলিকেশান্স; _c1965. |
||
| 300 |
_a257 p. : _c21 cm. |
||
| 651 | _aBiography | ||
| 942 |
_2ddc _cBK |
||